| 000 | 00836nam a2200217Ia 4500 | ||
|---|---|---|---|
| 999 |
_c40775 _d40775 |
||
| 001 | 7414 | ||
| 003 | GE_BSU | ||
| 005 | 20231124170006.0 | ||
| 008 | 181216s1975||||ge |||||||||||||| ||geo|| | ||
| 040 | _cGE_BSU | ||
| 041 | _ageo | ||
| 080 | _a821.353.1-31 დ-14 | ||
| 100 |
_aდადიანი, შალვა _920479 |
||
| 245 |
_aგვირგვლიანების ოჯახი : _bრომანი / _cშალვა დადიანი ; რედ. მილიცა ჯაფარიძე. |
||
| 250 | _aმეოთხე გამოცემა | ||
| 264 |
_aთბილისი : _bმერანი, _c1975. |
||
| 300 |
_a514 გვ. ; _c21 სმ. |
||
| 653 | _aრომანი | ||
| 700 |
_aჯაფარიძე, მილიცა _eრედაქტორი _920480 |
||
| 942 |
_cBK _2udc |
||